| 000 | 00606nam a22001815i 4500 | ||
|---|---|---|---|
| 001 | 160452 | ||
| 003 | ES-MaACL | ||
| 005 | 20260305133224.0 | ||
| 008 | 991019s1867 fr |||| | fre d | ||
| 040 |
_aCCPB | B _bspa _cCCPB | B |
||
| 100 |
_aMusset, Alfred de, _d1810-1857 _9223345 |
||
| 245 | 1 | 0 |
_aComédies et proverbes / _cAlfred de Musset. |
| 260 |
_aParis : _bCharpentier, _c1867 ( _fImprimerie générale de Ch. Lahure) |
||
| 300 |
_a2 v. ; _c18 cm. |
||
| 752 |
_aFrancia - _dParís |
||
| 852 |
_aES-MaACL _jF-8813 _z-- Enc. hol. _z-- Enc. 2 t. en 1 v. |
||
| 999 |
_c160452 _d160452 |
||